000
00327 a2200133 4500
000
nam a22 7a 4500
100
_a
Ashutosh Kumar
110
_a
Ashutosh Kumar
245
_a
Saltnatkalin Itihas
250
_a
Latest edition
260
_b
Manohar Publication
_c
2026
264
_b
Manohar Publication
_c
2026
942
_c
BK
999
_c
394877
_d
394877